书目信息 |
| 题名: |
德国旅游一本就High
|
|
| 作者: | 爱跑 , 胡铭松 编著 | |
| 分册: | ||
| 出版信息: | 北京 化学工业出版社 2012 |
|
| 页数: | 232页 | |
| 开本: | 21cm | |
| 丛书名: | ||
| 单 册: | ||
| 中图分类: | K951.69 | |
| 科图分类: | ||
| 主题词: | 旅游指南 , 旅游指南--德国 | |
| 电子资源: | ||
| ISBN: | 978-7-122-13986-3 | |
| 000 | 00923nam0 2200265 45 | |
| 001 | 1338856234 | |
| 005 | 20130514154359.89 | |
| 010 | @a978-7-122-13986-3@dCNY39.80 | |
| 100 | @a20130108d2012 em y0chiy50 ea | |
| 101 | 0 | @achi |
| 102 | @aCN@b110000 | |
| 105 | @aa z 000yy | |
| 106 | @ar | |
| 200 | 1 | @a德国旅游一本就High@ADe Guo Lu^ You Yi Ben Jiu High@f爱跑,胡铭松等编著@FAi Pao, Hu Ming Song Deng Bian Zhu |
| 210 | @a北京@c化学工业出版社@d2012 | |
| 215 | @a232页@c图, 彩照@d21cm | |
| 300 | @a畅游天下 | |
| 330 | @a本书从度假游、历史文化游和博览会三个方面详细介绍德国的各种旅游资源,从著名的旅游城市为基点发散至德国全境,带领读者深入了解每个城市所特有的美景、文化、美食和特产。 | |
| 606 | 0 | @a旅游指南 |
| 606 | 0 | @a旅游指南@y德国 |
| 690 | @aK951.69@v5 | |
| 701 | 0 | @a爱跑@AAi Pao@4编著 |
| 701 | 0 | @a胡铭松@AHu Ming Song@4编著 |
| 801 | @aCN@bTANGWEI@c20130108 | |
| 905 | @b0828756-60@dK951.69@e208@f5 | |
| 德国旅游一本就High/爱跑,胡铭松等编著.-北京:化学工业出版社,2012 |
| 232页:图, 彩照;21cm |
| 畅游天下 |
| ISBN 978-7-122-13986-3:CNY39.80 |
| 本书从度假游、历史文化游和博览会三个方面详细介绍德国的各种旅游资源,从著名的旅游城市为基点发散至德国全境,带领读者深入了解每个城市所特有的美景、文化、美食和特产。 |
| ● |
| 相关链接 |
|
|
|
|
正题名:德国旅游一本就High
索取号:K951.69/208
 
预约/预借
| 序号 | 登录号 | 条形码 | 馆藏地/架位号 | 状态 | 备注 |
| 1 | 0828756 | 208287566 | 第二样本阅览室/ [索取号:K951.69/208] | 在馆 | |
| 2 | 0828757 | 208287575 | 第二借阅区/ [索取号:K951.69/208] | 在馆 | |
| 3 | 0828758 | 208287584 | 第二借阅区/ [索取号:K951.69/208] | 在馆 | |
| 4 | 0828759 | 208287593 | 第二借阅区/ [索取号:K951.69/208] | 在馆 | |
| 5 | 0828760 | 208287600 | 密集书库-资源管理系/ [索取号:K951.69/208] | 在馆 |